Echelle de mots de loge à manet - Statistiques

Statistiques générales
  • Ce quiz a été pris 74 fois
  • Le résultat moyen est 11 sur 15
Statistiques - réponses
Hint Réponse % Correct
endroit où se préparent les artistes loge
100%
habit romain toge
91%
nous sommes, vous êtes, ils … (-2) sont
83%
célèbre peintre impressionniste (+1) monet
79%
everest, blanc mont
79%
domestique / livre de J. Genet bonne
78%
peintre impressionniste tout aussi célèbre manet
78%
couvre-chef pour l’hiver (+1) bonnet
74%
forme poétique codifiée sonnet
74%
céréale orge
64%
décore quelque chose et l’embellie orne
57%
d’abondance / du bouquetin corne
55%
elle lui offre un cadeau donne
55%
indique la délimitation entre 2 propriétés / routière (+1) borne
53%
région dans Game of Thrones au sud, tropicale dorne
31%
Aucun quiz correspondant
Distribution des résultats
% des personnes avec chaque résultat
Percentile par nombre de réponses
Votre historique - résultats
Vous n’avez pas pris ce quiz